| 000 | 00743nam a22001817a 4500 | ||
|---|---|---|---|
| 008 | 120503t xxu||||| |||| 00| 0 eng d | ||
| 020 | _a0030213088 | ||
| 050 | _aHJ141.H952 | ||
| 100 | _aHyman, David N. | ||
| 245 |
_aPublic finance: a contemporary application of theory to policy. / _cDavid N. Hyman |
||
| 250 | _a6th ed. | ||
| 260 |
_aPhiladlphia: _bDryden, _cc1999. |
||
| 300 |
_axxi, 682 p.: _bill. _c22cm. |
||
| 500 | _aIncludes index. | ||
| 505 | _aContents: The Economic basis for government activity -- Government expenditures and policy in the United States: selected issues -- Financing government expenditures -- Taxation: theory and structure -- State and local government finance. | ||
| 650 | _bPublic finance | ||
| 942 |
_2lcc _cBK |
||
| 999 |
_c814 _d8314 |
||